[Event "EU-chT Children 16 years old"]
[Site "St Constantin and Helena"]
[Date "2010.06.18"]
[Round "5.1"]
[White "Qadimbayli, Qoshgar"]
[Black "Hrenovski, Dennis"]
[Result "0-1"]
[WhiteElo "1728"]
[BlackElo "1859"]
[PlyCount "162"]
[EventDate "2010.06.13"]
[EventType "team-swiss"]
[EventRounds "6"]
[EventCountry "BUL"]
[SourceTitle "EXT 2020"]
[Source "ChessBase"]
[SourceDate "2019.10.17"]
[SourceVersion "1"]
[SourceVersionDate "2019.10.17"]
[SourceQuality "1"]

1. e4 c5 2. Nf3 Nc6 3. Bb5 e6 4. Bxc6 bxc6 5. d3 Ne7 6. 0-0 Ng6 7. Be3 Be7 8. Nc3 d5 9. Na4 Qa5 10. c4 d4 11. Bd2 Qc7 12. b3 e5 13. Bc1 Bd6 14. Ne1 0-0 15. Qd2 a5 16. Qg5 f6 17. Qg3 f5 18. f3 f4 19. Qf2 Rf7 20. Ba3 Qe7 21. Nb6 Rb8 22. Nxc8 Rxc8 23. Kh1 Ra8 24. Nc2 Qf8 25. Rfb1 Rb7 26. Rb2 Rab8 27. Rab1 Qd8 28. Na1 Be7 29. Nc2 Nf8 30. Na1 Ne6 31. Nc2 g6 32. Kg1 h5 33. Kf1 g5 34. h3 Bf6 35. Ke2 Qf8 36. Qe1 Bd8 37. Qd2 Qg7 38. Qe1 Kh8 39. Qf2 Bf6 40. Na1 Rb6 41. Qe1 Qa7 42. Qd1 R6b7 43. Kd2 Qb6 44. Kc1 Qd8 45. Rf2 Qg8 46. Bb2 Qg6 47. a4 Rg7 48. Qe1 Bd8 49. Rf1 Kg8 50. Kc2 Rbb7 51. Rh1 Qf6 52. Qd2 Rg6 53. Rh2 Rbg7 54. Rbh1 Qf7 55. Ba3 Kf8 56. Kb1 Ke8 57. Rg1 g4 58. hxg4 hxg4 59. Rgh1 gxf3 60. gxf3 Rg1+ 61. Rxg1 Rxg1+ 62. Ka2 Qg7 63. Nc2 Rg3 64. Qe2 Kd7 65. Ne1 Kd6 66. Rg2 Bh4 67. Rh2 Bd8 68. Rg2 Qh6 69. Rh2 Qg7 70. Rg2 Ng5 71. Kb2 Qh6 72. Rh2 Qg7 73. Rg2 Nh3 74. Kc2 Rxg2 75. Nxg2 Qg3 76. Kd2 Ng1 77. Qf1 Nxf3+ 78. Ke2 Ng5 79. Kd1 Nh3 80. Kc2 f3 81. Ne1 Ng1 0-1

[Event "EU-chT School U16 4th"]
[Site "Varna"]
[Date "2009.06.14"]
[Round "2.1"]
[White "Sadzikowski, Daniel"]
[Black "Hrenovski, Dennis"]
[Result "1-0"]
[WhiteElo "2280"]
[BlackElo "1848"]
[PlyCount "51"]
[EventDate "2009.06.13"]
[EventType "team"]
[EventRounds "6"]
[EventCountry "BUL"]
[SourceTitle "EXT 2020"]
[Source "ChessBase"]
[SourceDate "2019.10.17"]
[SourceVersion "1"]
[SourceVersionDate "2019.10.17"]
[SourceQuality "1"]

1. e4 c5 2. Nf3 Nc6 3. Nc3 g6 4. d4 cxd4 5. Nxd4 Bg7 6. Be3 Nf6 7. Bc4 0-0 8. Bb3 a5 9. a4 Ng4 10. Qxg4 Nxd4 11. Qd1 Nxb3 12. cxb3 d6 13. 0-0 Be6 14. f4 Rc8 15. f5 Bd7 16. Bd4 g5 17. f6 Bxf6 18. Rxf6 Rxc3 19. Rh6 Rc5 20. Rxh7 e5 21. Qh5 Qf6 22. Bxc5 dxc5 23. Rf1 Qg6 24. Rfxf7 Qxf7 25. Rh8+ Kg7 26. Qh6# 1-0